Formula One 2019 grid - Statistics

General Stats
  • This quiz has been taken 265 times
  • The average score is 19 of 20
Answer Stats
Team Number Answer % Correct
Mercedes 44 Lewis Hamilton
100%
Ferrari 5 Sebastian Vettel
100%
Mercedes 77 Valtteri Bottas
100%
Ferrari 16 Charles Leclerc
99%
Red Bull 10 Max Verstappen
99%
McLaren 55 Carlos Sainz
98%
Renault 3 Daniel Ricciardo
98%
McLaren 4 Lando Norris
97%
Red Bull 33 Pierre Gasly
97%
Racing Point 11 Sergio Perez
97%
Toro Rosso 23 Alexander Albon
96%
Williams 63 George Russel
96%
Alfa Romeo 7 Kimi Räikkönen
96%
Haas 20 Kevin Magnussen
95%
Racing Point 18 Lance Stroll
95%
Renault 27 Nico Hülkenberg
95%
Haas 8 Romain Grosjean
93%
Alfa Romeo 99 Antonio Giovinazzi
89%
Toro Rosso 26 Daniil Kvyat
89%
Williams 88 Robert Kubica
86%
No matching quizzes found
Score Distribution
Percent of People with Each Score
Percentile by Number Answered
Your Score History
You have not taken this quiz